00497nam a2200181 a 4500001001300000003000900013005001700022008004100039020001000080082001800090100002000108245006200128260004700190300000900237500003500246505001000281650002400291nice12345678IN_TiNIC20260116012700.0050524s1981 newa grp 000 0 eng  ac15000a297.0954bHAB aHabib, Mohammad aPolitics and Society During the Early Medieval Period V.2 aNew DelhibPeople`s Publishing Housec1981 a447p aincludes index and biblioraphy2 aIndex aIslam-History-India